[Event "Barnaul Altay-ch"]
[Site "Barnaul"]
[Date "2014.10.18"]
[Round "8"]
[White "Efanov, Mikhail"]
[Black "Kardashevskiy, Evgeny"]
[Result "1/2-1/2"]
[WhiteElo "2113"]
[BlackElo "2164"]
[PlyCount "55"]
[EventDate "2014.10.11"]
[EventType "swiss"]
[EventRounds "9"]
[EventCountry "RUS"]
[SourceTitle "EXT 2015"]
[Source "ChessBase"]
[SourceDate "2014.11.20"]
[SourceVersion "1"]
[SourceVersionDate "2014.11.20"]
[SourceQuality "1"]

1. Nf3 Nf6 2. c4 g6 3. d4 c5 4. d5 b5 5. cxb5 a6 6. bxa6 Bxa6 7. Nc3 Bg7 8. e4 Bxf1 9. Kxf1 d6 10. g3 0-0 11. Kg2 Nbd7 12. Re1 Qb6 13. Qc2 Ng4 14. h3 Nge5 15. Nxe5 Nxe5 16. f4 Nc4 17. Re2 Rfb8 18. b3 Na3 19. Bxa3 Rxa3 20. Rc1 c4 21. Na4 cxb3 22. Nxb6 bxc2 23. Nc4 Rxa2 24. Rexc2 Rxc2+ 25. Rxc2 Rc8 26. Ne3 Rb8 27. Nc4 Rc8 28. Ne3 1/2-1/2

[Event "Barnaul Altay-ch"]
[Site "Barnaul"]
[Date "2014.10.11"]
[Round "1"]
[White "Avdoshkin, Sergey"]
[Black "Efanov, Mikhail"]
[Result "0-1"]
[WhiteElo "1878"]
[BlackElo "2113"]
[PlyCount "78"]
[EventDate "2014.10.11"]
[EventType "swiss"]
[EventRounds "9"]
[EventCountry "RUS"]
[SourceTitle "EXT 2015"]
[Source "ChessBase"]
[SourceDate "2014.11.20"]
[SourceVersion "1"]
[SourceVersionDate "2014.11.20"]
[SourceQuality "1"]

1. e4 c5 2. Nf3 d6 3. d4 cxd4 4. Nxd4 Nf6 5. Nc3 a6 6. Be2 e5 7. Nb3 Be7 8. 0-0 0-0 9. f4 b5 10. a3 Bb7 11. Qd3 Nbd7 12. f5 Nc5 13. Nxc5 dxc5 14. Qg3 b4 15. Bh6 Ne8 16. Rad1 Qb6 17. f6 Bxf6 18. Nd5 Bxd5 19. exd5 e4 20. Bc1 Rd8 21. Bc4 Bd4+ 22. Kh1 Nd6 23. Ba2 g6 24. c3 bxc3 25. bxc3 Bg7 26. Bg5 Rd7 27. h4 Qb2 28. Bb1 Qxc3 29. Qg4 f5 30. Qe2 Qg3 31. Qe3 Qxe3 32. Bxe3 Rc8 33. Rc1 c4 34. Ba2 Bb2 35. Rc2 Bxa3 36. Bf4 c3 37. Be5 Bb2 38. Bb3 Nc4 39. Ba4 Nxe5 0-1

[Event "RUS-chT U20"]
[Site "Kolomna"]
[Date "2014.08.06"]
[Round "5"]
[White "Novikov, Konstantin Ivan"]
[Black "Efanov, Mikhail"]
[Result "1/2-1/2"]
[WhiteElo "2179"]
[BlackElo "2102"]
[PlyCount "86"]
[EventDate "2014.08.02"]
[EventType "swiss"]
[EventRounds "9"]
[EventCountry "RUS"]
[SourceTitle "EXT 2016"]
[Source "ChessBase"]
[SourceDate "2015.10.08"]
[SourceVersion "1"]
[SourceVersionDate "2015.10.08"]
[SourceQuality "1"]

1. e4 Nf6 2. e5 Nd5 3. d4 d6 4. c4 Nb6 5. exd6 cxd6 6. Nc3 g6 7. Be3 Bg7 8. Rc1 0-0 9. b3 e5 10. dxe5 dxe5 11. Qxd8 Rxd8 12. c5 N6d7 13. Nf3 Nc6 14. Bc4 h6 15. Ne4 Na5 16. Bd5 Nf6 17. Nxf6+ Bxf6 18. Rd1 Kg7 19. 0-0 Nc6 20. Bxc6 Rxd1 21. Rxd1 bxc6 22. Rd6 Be6 23. Rxc6 a5 24. h3 a4 25. Nd2 e4 26. Nxe4 Be5 27. f4 axb3 28. axb3 Bxb3 29. Rb6 Bd5 30. fxe5 Bxe4 31. Bd4 Kf8 32. e6 Rc8 33. exf7 Kxf7 34. g4 Rd8 35. Rb4 Bc6 36. Rb6 Be4 37. Be3 h5 38. gxh5 gxh5 39. Kf2 Rg8 40. Bf4 Rg6 41. Rb3 Ke6 42. Ke3 Kd5 43. Rb6 Kxc5 1/2-1/2

[Event "RUS-chT U20"]
[Site "Kolomna"]
[Date "2014.08.04"]
[Round "3"]
[White "Sokolov, Nikita Dm"]
[Black "Efanov, Mikhail"]
[Result "0-1"]
[WhiteElo "1755"]
[BlackElo "2102"]
[PlyCount "120"]
[EventDate "2014.08.02"]
[EventType "swiss"]
[EventRounds "9"]
[EventCountry "RUS"]
[SourceTitle "EXT 2016"]
[Source "ChessBase"]
[SourceDate "2015.10.08"]
[SourceVersion "1"]
[SourceVersionDate "2015.10.08"]
[SourceQuality "1"]

1. d4 Nf6 2. Nf3 g6 3. Bg5 Bg7 4. Nbd2 d5 5. e3 0-0 6. Bd3 c5 7. c3 b6 8. e4 cxd4 9. Nxd4 dxe4 10. Nxe4 Bb7 11. Qf3 Nbd7 12. Nxf6+ exf6 13. Qxb7 fxg5 14. Qd5 Nc5 15. Qxd8 Raxd8 16. 0-0-0 Bxd4 17. cxd4 Rxd4 18. Bc2 Rfd8 19. Rxd4 Rxd4 20. Rd1 Rf4 21. Rd2 Kf8 22. Re2 Rh4 23. h3 g4 24. hxg4 Rxg4 25. g3 h5 26. Kd2 Rd4+ 27. Ke3 Rd6 28. Kf4 Ne6+ 29. Ke5 Ke7 30. Ke4 Kf6 31. a3 g5 32. f3 Nc5+ 33. Ke3 Re6+ 34. Kf2 Rxe2+ 35. Kxe2 Ke5 36. Ke3 Ne6 37. Bb3 f5 38. Bc4 f4+ 39. gxf4+ Nxf4 40. a4 h4 41. Kf2 Kd4 42. b3 h3 43. Kg3 Ke3 44. Bb5 Kd2 45. Bf1 Ke3 46. Bb5 h2 47. Kxh2 Kxf3 48. Bc6+ Kf2 49. Bd7 Ng6 50. Kh3 Ne5 51. Be6 g4+ 52. Bxg4 Nxg4 53. Kxg4 Ke3 54. a5 Kd4 55. axb6 axb6 56. Kf4 Kc3 57. Ke4 Kxb3 58. Kd3 b5 59. Kd2 b4 60. Kc1 Ka2 0-1

[Event "RUS-chT U20"]
[Site "Kolomna"]
[Date "2014.08.03"]
[Round "2"]
[White "Efanov, Mikhail"]
[Black "Palchun, Grigory"]
[Result "0-1"]
[WhiteElo "2102"]
[BlackElo "2321"]
[PlyCount "62"]
[EventDate "2014.08.02"]
[EventType "swiss"]
[EventRounds "9"]
[EventCountry "RUS"]
[SourceTitle "EXT 2016"]
[Source "ChessBase"]
[SourceDate "2015.10.08"]
[SourceVersion "1"]
[SourceVersionDate "2015.10.08"]
[SourceQuality "1"]

1. d4 Nf6 2. Nf3 e6 3. e3 c5 4. Bd3 d5 5. 0-0 Nc6 6. b3 Bd6 7. Bb2 0-0 8. Nbd2 Qe7 9. Ne5 Nd7 10. f4 f5 11. Nxd7 Bxd7 12. c4 Be8 13. Qf3 Kh8 14. a3 Rd8 15. Qh3 Bg6 16. Nf3 cxd4 17. exd4 Bxf4 18. Nh4 Be3+ 19. Kh1 Bh5 20. Rae1 f4 21. g4 g5 22. Nf3 Be8 23. Nxg5 h5 24. Rxe3 fxe3 25. Rxf8+ Qxf8 26. Nxe6 Qf2 27. Qg2 Bg6 28. Qxf2 exf2 29. Kg2 Bxd3 30. Kxf2 Rd7 31. cxd5 Nd8 0-1

[Event "Barnaul Lepikhin Memorial"]
[Site "Barnaul"]
[Date "2014.07.26"]
[Round "6"]
[White "Khabarov, Sergey"]
[Black "Efanov, Mikhail"]
[Result "1/2-1/2"]
[WhiteElo "2344"]
[BlackElo "2102"]
[PlyCount "98"]
[EventDate "2014.07.21"]
[EventType "swiss"]
[EventRounds "9"]
[EventCountry "RUS"]
[SourceTitle "CBM 161 Extra"]
[Source "ChessBase"]
[SourceDate "2014.08.29"]
[SourceVersion "1"]
[SourceVersionDate "2014.08.29"]
[SourceQuality "1"]

1. e4 c5 2. Nf3 d6 3. d4 cxd4 4. Nxd4 Nf6 5. Nc3 a6 6. Be3 e5 7. Nf3 Be7 8. Bc4 0-0 9. 0-0 Qc7 10. Qe2 b5 11. Bd5 Bb7 12. Bxb7 Qxb7 13. Bg5 Nbd7 14. Rfd1 Rfd8 15. g3 Rac8 16. Bxf6 Nxf6 17. Nd5 Nxd5 18. Rxd5 Rc4 19. Rad1 Rdc8 20. c3 R4c5 21. h4 Qc6 22. a3 h6 23. Ne1 Rxd5 24. Rxd5 f5 25. Nc2 Rf8 26. Nb4 Qc8 27. exf5 Rxf5 28. Rd2 Rf7 29. Nd5 Bf8 30. Qe4 Qe6 31. b4 Qf5 32. Qe3 Qb1+ 33. Kg2 Qc1 34. Ra2 Qxe3 35. Nxe3 Rb7 36. Kf3 Kf7 37. Ke4 Ke6 38. a4 Rc7 39. axb5 axb5 40. Kd3 e4+ 41. Kxe4 Rxc3 42. Kd4 Rb3 43. Nd5 g5 44. hxg5 hxg5 45. Ke4 Rb1 46. Rd2 Bg7 47. Kf3 Kf5 48. Ne3+ Ke6 49. Nd5 Kf5 1/2-1/2

[Event "Pavlodar op"]
[Site "Pavlodar"]
[Date "2013.12.11"]
[Round "3"]
[White "Efanov, Mikhail"]
[Black "Davletbayeva, Madina"]
[Result "1-0"]
[WhiteElo "2091"]
[BlackElo "2280"]
[PlyCount "89"]
[EventDate "2013.12.10"]
[EventType "swiss"]
[EventRounds "10"]
[EventCountry "KAZ"]
[SourceTitle "CBM 158 Extra"]
[Source "ChessBase"]
[SourceDate "2014.02.28"]
[SourceVersion "1"]
[SourceVersionDate "2014.02.28"]
[SourceQuality "1"]

1. d4 Nf6 2. Nf3 e6 3. c4 Bb4+ 4. Bd2 a5 5. g3 d6 6. Bg2 Nbd7 7. 0-0 e5 8. Be3 0-0 9. Qc2 exd4 10. Bxd4 Re8 11. a3 Bc5 12. e3 c6 13. Nc3 Bxd4 14. exd4 Nb6 15. Nd2 Bg4 16. Rfe1 Qd7 17. Nce4 Nxe4 18. Bxe4 h6 19. c5 dxc5 20. dxc5 Red8 21. cxb6 Qxd2 22. Bh7+ Kh8 23. Re8+ Rxe8 24. Qxd2 Kxh7 25. Re1 Rad8 26. Qc2+ g6 27. Rxe8 Rxe8 28. Kg2 Be6 29. f3 Bd5 30. Kf2 Re5 31. g4 Be6 32. a4 Rd5 33. Qc3 h5 34. h3 hxg4 35. hxg4 g5 36. Ke2 Kg6 37. b4 axb4 38. Qxb4 Re5+ 39. Kf2 c5 40. Qb1+ Kg7 41. Qc2 c4 42. Qc3 f6 43. Qb4 Bd7 44. Qxc4 Bc6 45. Qxc6 1-0

[Event "Pavlodar op"]
[Site "Pavlodar"]
[Date "2013.12.11"]
[Round "2"]
[White "Kuzairov, Olzhas"]
[Black "Efanov, Mikhail"]
[Result "0-1"]
[WhiteElo "1797"]
[BlackElo "2091"]
[PlyCount "84"]
[EventDate "2013.12.10"]
[EventType "swiss"]
[EventRounds "10"]
[EventCountry "KAZ"]
[SourceTitle "CBM 158 Extra"]
[Source "ChessBase"]
[SourceDate "2014.02.28"]
[SourceVersion "1"]
[SourceVersionDate "2014.02.28"]
[SourceQuality "1"]

1. e4 Nf6 2. e5 Nd5 3. d4 d6 4. Nf3 dxe5 5. Nxe5 c6 6. Bd3 Nd7 7. 0-0 g6 8. f4 Bg7 9. c4 Nb4 10. Be4 Nf6 11. Bf3 Bf5 12. Na3 h5 13. Be3 0-0 14. Kh1 a5 15. Qb3 Qd6 16. Rfd1 Ne4 17. c5 Qc7 18. Rac1 Nd5 19. Nac4 a4 20. Qa3 Rfd8 21. Nb6 Nxb6 22. cxb6 Qd6 23. Qxd6 exd6 24. Nd3 Re8 25. Bg1 Ra6 26. Rc4 d5 27. Rb4 Bf8 28. Nc5 Nxc5 29. dxc5 Ra5 30. Rc1 Bg7 31. Bd4 Bxd4 32. Rxd4 Rxc5 33. Rf1 Rb5 34. Rxa4 Rxb2 35. Ra7 Rxb6 36. g3 Bd3 37. Rc1 Ba6 38. Rc2 Re3 39. Kg2 Rb1 40. Ra8+ Kg7 41. Rxa6 bxa6 42. Rxc6 Rb2+ 0-1

[Event "Pavlodar op"]
[Site "Pavlodar"]
[Date "2013.12.10"]
[Round "1"]
[White "Efanov, Mikhail"]
[Black "Zhigalko, Andrey"]
[Result "0-1"]
[WhiteElo "2091"]
[BlackElo "2628"]
[PlyCount "64"]
[EventDate "2013.12.10"]
[EventType "swiss"]
[EventRounds "10"]
[EventCountry "KAZ"]
[SourceTitle "CBM 158 Extra"]
[Source "ChessBase"]
[SourceDate "2014.02.28"]
[SourceVersion "1"]
[SourceVersionDate "2014.02.28"]
[SourceQuality "1"]

1. d4 Nf6 2. Nf3 e6 3. c4 b6 4. g3 Ba6 5. Qc2 Bb7 6. Bg2 c5 7. d5 exd5 8. cxd5 Nxd5 9. 0-0 Be7 10. Rd1 Qc8 11. e4 Nb4 12. Qe2 Ba6 13. Qd2 0-0 14. Nc3 Re8 15. Ne1 Bf8 16. Qg5 d6 17. Bf4 h6 18. Qf5 Re6 19. e5 N8c6 20. a3 dxe5 21. axb4 exf4 22. Qxf4 cxb4 23. Nd5 Bc5 24. Nd3 Nd4 25. Kh1 Bb7 26. N3xb4 a5 27. Nd3 Qd7 28. Ne5 Qxd5 29. Bxd5 Bxd5+ 30. f3 f6 31. Rxd4 fxe5 32. Qg4 Bxd4 0-1

[Event "Sibiria Region-ch"]
[Site "Barnaul"]
[Date "2011.05.20"]
[Round "1"]
[White "Ivakhinova, Inna"]
[Black "Efanov, Mikhail"]
[Result "1-0"]
[WhiteElo "2326"]
[BlackElo "1948"]
[PlyCount "109"]
[EventDate "2011.05.20"]
[EventType "swiss"]
[EventRounds "9"]
[EventCountry "RUS"]
[SourceTitle "EXT 2012"]
[Source "ChessBase"]
[SourceDate "2011.11.24"]
[SourceVersion "1"]
[SourceVersionDate "2011.11.24"]
[SourceQuality "1"]

1. d4 d5 2. c4 c6 3. Nf3 Nf6 4. Qb3 dxc4 5. Qxc4 Bf5 6. g3 e6 7. Bg2 Be7 8. 0-0 Nbd7 9. Nc3 0-0 10. Re1 Ne4 11. Qb3 Qb6 12. Nh4 Bxh4 13. gxh4 Qxb3 14. axb3 Nxc3 15. bxc3 Bc2 16. Bf4 Nb6 17. Ra3 Nd5 18. Bd2 Rfd8 19. e4 Nf6 20. Bf4 a5 21. e5 Nd5 22. Bg5 Rd7 23. Rc1 Bf5 24. Bd2 h6 25. Rca1 Bc2 26. R1a2 Bd1 27. Kf1 Bh5 28. Rxa5 Rxa5 29. Rxa5 Ne7 30. Bc1 Ng6 31. Be4 Bd1 32. Ra8+ Kh7 33. Ke1 Bh5 34. Ra7 Kg8 35. Bb2 Rc7 36. Ba3 f5 37. Bd6 Rf7 38. Bc2 Nxh4 39. b4 Nf3+ 40. Kf1 Nxh2+ 41. Kg2 Nf3 42. Bb3 Ng5 43. f4 Bf3+ 44. Kh2 Bd5 45. Bxd5 cxd5 46. fxg5 hxg5 47. Kg3 g4 48. Kf4 g5+ 49. Kxg5 g3 50. Kf4 Rg7 51. Ra1 Rg4+ 52. Kf3 Re4 53. Kxg3 Re3+ 54. Kf4 Rxc3 55. Ra8+ 1-0

[Event "Moscow op-E"]
[Site "Moscow"]
[Date "2011.01.31"]
[Round "3.159"]
[White "Arkhipenko, Daniil"]
[Black "Efanov, Mikhail"]
[Result "1-0"]
[WhiteElo "2155"]
[BlackElo "1951"]
[PlyCount "67"]
[EventDate "2011.01.29"]
[EventType "swiss"]
[EventRounds "9"]
[EventCountry "RUS"]
[SourceTitle "EXT 2022"]
[Source "ChessBase"]
[SourceDate "2021.10.06"]
[SourceVersion "1"]
[SourceVersionDate "2021.10.06"]
[SourceQuality "1"]

1. d4 d5 2. c4 c6 3. Nf3 Nf6 4. e3 a6 5. Bd3 Bg4 6. Nbd2 e6 7. Qc2 Be7 8. 0-0 Nbd7 9. b3 0-0 10. Bb2 Rc8 11. c5 g6 12. Ne5 Bf5 13. Nxd7 Qxd7 14. b4 Qc7 15. f3 Bxd3 16. Qxd3 Nd7 17. e4 dxe4 18. fxe4 Rcd8 19. Qc3 f6 20. Qh3 Kg7 21. Qxe6 Rfe8 22. Qg4 b6 23. Bc3 bxc5 24. bxc5 Qa7 25. Kh1 Rb8 26. Rae1 Qc7 27. Nc4 Rf8 28. Qh3 Rbe8 29. Bd2 Kg8 30. Bf4 Qb7 31. Nd6 Bxd6 32. Bxd6 Rf7 33. e5 Nf8 34. e6 1-0

[Event "Berdsk Maestro op 16th"]
[Site "Berdsk"]
[Date "2010.07.10"]
[Round "3"]
[White "Efanov, Mikhail"]
[Black "Glukhov, Mikhail"]
[Result "0-1"]
[WhiteElo "1882"]
[BlackElo "2222"]
[PlyCount "90"]
[EventDate "2010.07.08"]
[EventType "swiss"]
[EventRounds "9"]
[EventCountry "RUS"]
[SourceTitle "EXT 2011"]
[Source "ChessBase"]
[SourceDate "2010.11.26"]
[SourceVersion "1"]
[SourceVersionDate "2010.11.26"]
[SourceQuality "1"]

1. d4 d5 2. Nf3 Nf6 3. e3 c6 4. b3 g6 5. Bd3 Bg7 6. Bb2 0-0 7. 0-0 Bg4 8. Nbd2 Nbd7 9. c4 e6 10. Qc2 Bxf3 11. Nxf3 Qc7 12. Rac1 Rac8 13. a3 Qb8 14. cxd5 exd5 15. b4 a6 16. Nd2 Ne8 17. Nb3 Nd6 18. Nc5 Nb6 19. Qe2 Rcd8 20. Rc2 Rfe8 21. Nb3 Nbc4 22. Bc1 Qc7 23. Nd2 Nxd2 24. Qxd2 b5 25. Bb2 Bf8 26. Qc1 Nc4 27. Rd1 a5 28. Bc3 axb4 29. Bxb4 Bxb4 30. axb4 Qd6 31. Bxc4 bxc4 32. Qd2 Ra8 33. Rb1 Reb8 34. g3 Ra4 35. Rcb2 Rb5 36. Kg2 Qe7 37. Qc3 Qa7 38. Qd2 Ra3 39. Rc1 Qa4 40. Rc3 Ra1 41. h4 Rxb4 42. Rcc2 Rb3 43. e4 Qb5 44. e5 c3 45. Qg5 Qf1+ 0-1

[Event "Koltsovo op"]
[Site "Koltsovo"]
[Date "2010.07.05"]
[Round "8"]
[White "Efanov, Mikhail"]
[Black "Latyev, Yury"]
[Result "1/2-1/2"]
[WhiteElo "1887"]
[BlackElo "2010"]
[PlyCount "53"]
[EventDate "2010.06.28"]
[EventType "swiss"]
[EventRounds "9"]
[EventCountry "RUS"]
[SourceTitle "CBM 137 Extra"]
[Source "ChessBase"]
[SourceDate "2010.09.01"]
[SourceVersion "1"]
[SourceVersionDate "2010.09.01"]
[SourceQuality "1"]

1. d4 Nf6 2. Nf3 g6 3. Bf4 Bg7 4. Nc3 d6 5. Qd2 0-0 6. Bh6 c5 7. Bxg7 Kxg7 8. dxc5 dxc5 9. Qxd8 Rxd8 10. Rd1 Rxd1+ 11. Kxd1 Nc6 12. e3 Ng4 13. Ke2 Be6 14. h3 Nf6 15. Kd1 Rd8+ 16. Kc1 Nb4 17. a3 Nbd5 18. Nxd5 Bxd5 19. Nd2 Bc6 20. Rg1 b5 21. g3 c4 22. Bg2 Bxg2 23. Rxg2 Nd7 24. Rg1 Nc5 25. Rd1 a6 26. Nb1 Rxd1+ 27. Kxd1 1/2-1/2

[Event "Koltsovo op"]
[Site "Koltsovo"]
[Date "2010.06.30"]
[Round "3"]
[White "Khlichkova, Tatiana"]
[Black "Efanov, Mikhail"]
[Result "1/2-1/2"]
[WhiteElo "2076"]
[BlackElo "1887"]
[PlyCount "56"]
[EventDate "2010.06.28"]
[EventType "swiss"]
[EventRounds "9"]
[EventCountry "RUS"]
[SourceTitle "CBM 137 Extra"]
[Source "ChessBase"]
[SourceDate "2010.09.01"]
[SourceVersion "1"]
[SourceVersionDate "2010.09.01"]
[SourceQuality "1"]

1. d4 d5 2. Nc3 Nf6 3. Bg5 Nbd7 4. e3 h6 5. Bh4 e6 6. f4 Bb4 7. Nf3 c5 8. Bd3 c4 9. Be2 Qa5 10. 0-0 Bxc3 11. bxc3 Qxc3 12. Qc1 Ng4 13. Bf2 Nxf2 14. Rxf2 Nf6 15. Bd1 0-0 16. Ne5 Ne4 17. Re2 f6 18. Ng6 Rf7 19. a4 Qa5 20. Ra3 Nc3 21. Rf2 Nxd1 22. Qxd1 b5 23. Rf3 b4 24. Ra1 Rb8 25. Qe1 c3 26. e4 dxe4 27. Qxe4 Bb7 28. Qxe6 Bxf3 1/2-1/2